000 00255nmm a2200085Ia 4500
008 220120s9999||||xx |||||||||||||||||und||
100 _aDigit
245 0 _a30 plus power user tools, 190 plus vudeo tutorials, CBSE X,
260 _aNine dot nine interactive ltd.
999 _c139735
_d139735